| 000 | 00784nam a2200217 a 4500 | ||
|---|---|---|---|
| 001 | BRCA_4326 | ||
| 005 | 20190320204628.0 | ||
| 008 | 250610s1981----mx-a######---#000-0#spa-# | ||
| 041 | _aspa | ||
| 044 | _amx | ||
| 050 | 4 |
_aF1386 _b.A68 1981 |
|
| 245 | 1 | 0 |
_aApuntes y fotografías de México a mediados del siglo XIX _cfotografías Desiré Charnay ; introducción y notas Guillermo Tovar de Teresa. |
| 260 |
_aMéxico _bCelanese Mexicana _c1981 |
||
| 300 |
_a49 p. _bil., 14 láminas _c44 cm. |
||
| 500 | _aPor su formato NO se presta a domicilio | ||
| 650 | 1 | 4 |
_aMonumentos históricos _zMéxico _93156 |
| 651 | 4 |
_aCiudad de México _xEdificios, estructuras, etc. _91264 |
|
| 700 | 1 |
_aTovar de Teresa, Guillermo _93098 |
|
| 700 | 1 |
_aCharnay, Desiré _d1828-1915 _96275 |
|
| 942 |
_2lcc _cB |
||
| 999 |
_c4037 _d4037 |
||